000
00324nam a2200145Ia 4500
008
230917s9999||||xx |||||||||||||| ||und||
040
_e
143994
_a
MAIN
041
_a
English
082
_a
380.5 J199P
100
_a
Jain , P S
245
0
_a
Privahan arthashastra
260
_a
New Delhi
300
_a
355 p.
942
_c
BK
999
_c
222817
_d
222817